000 00240 a2200097 4500
001 37373
100 _aNicholson Reynold
245 _aThe Mathnawi of Jalal-ud-Din Rumi
260 _aLahore
_bIslamic book Service
_c
090 _c23844
_d23844
942 _aNUST-CAE
_cM
_c15385
999 _c272446
_d272446